Interpreting Currency Movements During the Crisis : What's the Role of Interest Rate Differentials? /

Using an adaptation of the Uncovered Interest Parity (UIP) condition, this paper analyzes the drivers behind the large, symmetric exchange rate swings observed during the financial crisis of 2008-2010. Employing a Nelson-Siegel model, we estimate yield curves and decompose the exchange rate movement...

Szczegółowa specyfikacja

Opis bibliograficzny
1. autor: Dowling, Thomas
Kolejni autorzy: Batini, Nicoletta
Format: Czasopismo
Język:English
Wydane: Washington, D.C. : International Monetary Fund, 2011.
Seria:IMF Working Papers; Working Paper ; No. 2011/014
Dostęp online:Full text available on IMF
LEADER 01877cas a2200253 a 4500
001 AALejournalIMF006994
008 230101c9999 xx r poo 0 0eng d
020 |c 5.00 USD 
020 |z 9781455212521 
022 |a 1018-5941 
040 |a BD-DhAAL  |c BD-DhAAL 
100 1 |a Dowling, Thomas. 
245 1 0 |a Interpreting Currency Movements During the Crisis :   |b What's the Role of Interest Rate Differentials? /  |c Thomas Dowling, Nicoletta Batini. 
264 1 |a Washington, D.C. :  |b International Monetary Fund,  |c 2011. 
300 |a 1 online resource (44 pages) 
490 1 |a IMF Working Papers 
500 |a <strong>Off-Campus Access:</strong> No User ID or Password Required 
500 |a <strong>On-Campus Access:</strong> No User ID or Password Required 
506 |a Electronic access restricted to authorized BRAC University faculty, staff and students 
520 3 |a Using an adaptation of the Uncovered Interest Parity (UIP) condition, this paper analyzes the drivers behind the large, symmetric exchange rate swings observed during the financial crisis of 2008-2010. Employing a Nelson-Siegel model, we estimate yield curves and decompose the exchange rate movements into changes we attribute to monetary policy and a residual. We find that the depreciation phase of the currencies in our sample was largely dominated by safe-haven effects rather than carry trade activity or other return considerations. For some countries, however, the appreciation that began at the end of 2008 seems largely to reflect downward movement in the cumulative revisions to nominal forward differentials, suggesting carry trade. 
538 |a Mode of access: Internet 
700 1 |a Batini, Nicoletta. 
830 0 |a IMF Working Papers; Working Paper ;  |v No. 2011/014 
856 4 0 |z Full text available on IMF  |u http://elibrary.imf.org/view/journals/001/2011/014/001.2011.issue-014-en.xml  |z IMF e-Library